000 01077cam a2200361 i 4500
001 200468108
003 TR-AnTOB
005 20260414140551.0
007 ta
008 260414t19851984enk 000 1 eng
010 _a 85138202
020 _a0224022830
_q(hardback)
020 _a9780224022835
035 _a4756374
035 _a(TR-AnTOB)200468108
040 _aDLC
_beng
_erda
_cDLC
_dDLC
_dTR-AnTOB
041 0 _aeng
050 0 0 _aPS3566.Y55
_bS5 1985
090 _aPS3566.Y55
_bS5 1985
100 1 _aPynchon, Thomas
_eauthor
_4aut
_9153650
245 1 0 _aSlow learner :
_bearly stories /
_cThomas Pynchon.
264 1 _aLondon :
_bJonathan Cape,
_c1985.
264 4 _c©1984
300 _a193 pages ;
_c23 cm
336 _atext
_btxt
_2rdacontent
337 _aunmediated
_bn
_2rdamedia
338 _avolume
_bnc
_2rdacarrier
505 0 _aIntroduction -- The small rain -- Low-lands -- Entropy -- Under the rose -- The secret integration.
655 7 _aFiction
_2lcgft
_9151487
942 _2lcc
_cBK
999 _c200468108
_d86320